BIBLIOTECA “JULIO CORTÁZAR”
ESCUELA AGROTÉCNICA “LIBERTADOR GENERAL SAN MARTÍN” - UNR – CASILDA

Logo Escuela Logo UNR

Física elemental / (Record no. 353)

MARC details
000 -LEADER
campo de control de longitud fija 00677nam#a22002775ar4500
001 - NÚMERO DE CONTROL
campo de control 353
008 - DATOS DE LONGITUD FIJA--INFORMACIÓN GENERAL
campo de control de longitud fija 060803s1959####ag#a##########001#0#spa|d
080 ## - NÚMERO DE LA CLASIFICACIÓN DECIMAL UNIVERSAL
Número de la Clasificación Decimal Universal 53
084 ## - OTRO NÚMERO DE CLASIFICACIÓN
Número de clasificación M17
040 ## - FUENTE DE CATALOGACIÓN
Centro catalogador/agencia de origen AR-ClEAG
Centro/agencia transcriptor AR-ClEAG
005 - FECHA Y HORA DE LA ÚLTIMA TRANSACCIÓN
campo de control 20241107184633.0
003 - IDENTIFICADOR DE NÚMERO DE CONTROL
campo de control AR-ClEAG
100 1# - ENTRADA PRINCIPAL--NOMBRE DE PERSONA
Nombre de persona Maiztegui, A. P.
245 10 - MENCIÓN DEL TÍTULO
Título Física elemental /
Mención de responsabilidad, etc. A. P. Maiztegui.
250 ## - MENCION DE EDICION
Mención de edición 1ª ed.
260 ## - PUBLICACIÓN, DISTRIBUCIÓN, ETC.
Lugar de publicación, distribución, etc. Buenos Aires :
Nombre del editor, distribuidor, etc. Kapelusz,
Fecha de publicación, distribución, etc. 1959.
300 ## - DESCRIPCIÓN FÍSICA
Extensión 171 p. :
Otras características físicas il. ;
Dimensiones 19 cm.
521 ## - NOTA DE PÚBLICO DESTINATARIO
Nota de público destinatario Para cuarto año de las escuelas de comercio
653 ## - TÉRMINO DE INDIZACIÓN--NO CONTROLADO
Término no controlado Acústica
653 ## - TÉRMINO DE INDIZACIÓN--NO CONTROLADO
Término no controlado Luz
653 ## - TÉRMINO DE INDIZACIÓN--NO CONTROLADO
Término no controlado Física
653 ## - TÉRMINO DE INDIZACIÓN--NO CONTROLADO
Término no controlado Lentes
653 ## - TÉRMINO DE INDIZACIÓN--NO CONTROLADO
Término no controlado Magnetismo
653 ## - TÉRMINO DE INDIZACIÓN--NO CONTROLADO
Término no controlado Electrodinámica
942 ## - ELEMENTOS DE ENTRADA SECUNDARIOS (KOHA)
Tipo de ítem Koha Libros
980 ## - EQUIVALENCIA O REFERENCIA-CRUZADA-MENCIÓN DE SERIE--NOMBRE DE PERSONA/TÍTULO [LOCAL, CANADÁ]
Enlace 2
Nombre de persona Evangelina Gallicchio
Enlace entre campo y número de secuencia 2
Información miscelánea Evangelina Gallicchio
Holdings
Estatus retirado Estado de pérdida Fuente del sistema de clasificación o colocación Estado de daño No para préstamo Biblioteca de origen Biblioteca actual Ubicación en estantería Fecha de adquisición Número de inventario Total de préstamos Signatura topográfica completa Código de barras Visto por última vez Precio de reemplazo Tipo de ítem Koha
    Clasificación decimal universal     Julio Cortázar Julio Cortázar   07/11/2024 532   R7 53 M17 1 532 07/11/2024 07/11/2024 Libros

Contacto

Biblioteca Julio Cortázar. Escuela Agrotécnica "Libertador San Martín". Universidad Nacional de Rosario
Dirección: Ov. Lagos 1000 - 2170 Casilda - Santa Fe - Argentina
Tel: (54) (03464) 422226.
Fax: (54) (03464) 427789.
E-Mail: biblio-eac@unr.edu.ar